| 000 | 00763nam a2200241 i 4500 | ||
|---|---|---|---|
| 003 | DO-SdBNP | ||
| 005 | 20250226124232.0 | ||
| 007 | ta | ||
| 008 | 250226t2005 dr 000 0 spa d | ||
| 040 |
_aDO-SdBNP _bspa _cBNPHU _erda |
||
| 082 |
_axxxx _bB844 _222 |
||
| 100 | 1 |
_aBretón, María Elena _eautora _4aut. _987073 |
|
| 245 | 1 | 0 |
_a¡Otro palo a la tristeza¡ / _cMaria Elena Bretón ; prólogo, Enrique Soldevilla |
| 264 |
_aSanto Domingo : _bEditora Búho, _c2005. |
||
| 300 |
_a86 páginas _c22 cm. |
||
| 336 |
_atexto _btxt _2rdacontent |
||
| 337 |
_asin mediación _bn _2rdamedia |
||
| 338 |
_avolumen _bnc _2rdacarrier |
||
| 590 | _aInventariado, 2025/ YL | ||
| 700 |
_aSoldevilla, Enrique _eprólogo _974616 |
||
| 910 | _aYLockward | ||
| 942 |
_2ddc _cLBS1 |
||
| 999 |
_c58253 _d58253 |
||